Female Characters from Pride and Prejudice Quiz Stats

 Plays Quiz not verified by Sporcle

Score 0/12 Timer 03:00
0 Plays Today
% Correct
Jane
98.2%
Mary
96%
Lydia
95.6%
Kitty
95.6%
Lizzy
95.2%
Charlotte
94.1%
Mrs. Bennett
93.4%
Mrs. Gardiner
91.6%
Anne
83.9%
Maria
81%
Lady Catherine
76.9%
Hill
63%

You're not logged in!

Compare scores with friends on all Sporcle quizzes.
OR
Log In

Show Comments

Extras

Top Quizzes Today


Score Distribution

Your Account Isn't Verified!

In order to create a playlist on Sporcle, you need to verify the email address you used during registration. Go to your Sporcle Settings to finish the process.

Report this User

Report this user for behavior that violates our Community Guidelines.

Details: